What is qualitative interviewing? (Record no. 1715144)
[ view plain ]
| 000 -LEADER | |
|---|---|
| fixed length control field | 01089nam a2200193 4500 |
| 005 - DATE AND TIME OF LATEST TRANSACTION | |
| control field | 20260401114251.0 |
| 008 - FIXED-LENGTH DATA ELEMENTS--GENERAL INFORMATION | |
| fixed length control field | 260311b |||||||| |||| 00| 0 eng d |
| 020 ## - INTERNATIONAL STANDARD BOOK NUMBER | |
| International Standard Book Number | 9789388002295 |
| 037 ## - SOURCE OF ACQUISITION | |
| Terms of availability | Textual |
| 040 ## - CATALOGING SOURCE | |
| Original cataloging agency | RTL |
| Transcribing agency | RTL |
| 084 ## - COLON CLASSIFICATION NUMBER | |
| Assigning agency | RTL |
| Classification number | ∑:f Q3 |
| 100 ## - MAIN ENTRY--PERSONAL NAME | |
| Personal name | Edwards, Rosalind |
| 9 (RLIN) | 1131708 |
| 245 ## - TITLE STATEMENT | |
| Title | What is qualitative interviewing? |
| 260 ## - PUBLICATION, DISTRIBUTION, ETC. | |
| Place of publication, distribution, etc. | New Delhi |
| Name of publisher, distributor, etc. | Bloomsbury |
| Date of publication, distribution, etc. | 2013 |
| 300 ## - PHYSICAL DESCRIPTION | |
| Extent | xi, 127 p. |
| Other physical details | Includes bibliographical reference and index |
| 520 ## - SUMMARY, ETC. | |
| Summary, etc. | What is Qualitative Interviewing? is an accessible and comprehensive 'what is' and 'how to' methods book. It is distinctive in emphasising the importance of good practice in understanding and undertaking qualitative interviews within the framework of a clear philosophical position. Rosalind Edwards and Janet Holland provide clear and succinct explanations of a range of philosophies and theories of how to know about the social world, and a thorough discussion of how to go about researching it using interviews. |
| 700 ## - ADDED ENTRY--PERSONAL NAME | |
| Personal name | Holland, Janet |
| Relator term | Co-author |
| 9 (RLIN) | 1131709 |
| 942 ## - ADDED ENTRY ELEMENTS (KOHA) | |
| Source of classification or shelving scheme | Colon Classification (CC) |
| Suppress in OPAC | No |
| Koha item type | Textual |
| Classification part | ∑:f Q3 |
| Withdrawn status | Lost status | Source of classification or shelving scheme | Damaged status | Not for loan | Home library | Current library | Date acquired | Total Checkouts | Full call number | Barcode | Date last seen | Price effective from | Koha item type |
|---|---|---|---|---|---|---|---|---|---|---|---|---|---|
| Colon Classification (CC) | Ratan Tata Library | Ratan Tata Library | 2026-03-11 | ∑:f Q3 | RT1528751 | 2026-03-11 | 2026-03-11 | Textual |
